00517nam a2200121Ia 4500008004100000245020300041260003900244260000900283300000900292650002600301650001200327856005600339170516s9999 xx 000 0 und d a Digital subtraction angiography findings and population demographics of patients with subarachnoidal haemorrhage and subsequent causative aneurysms at Universitas Academic Hospital, Bloemfontein bSouth African Journal of Radiology c2016 a20:1 xRadiologic Technology xRadtech uhttp://www.sajr.org.za/index.php/sajr/issue/view/54